000
00299nam a22001337a 4500
008
170808b xxu||||| |||| 00| 0 eng d
020
_a
2900619160462
041
_a
eng
080
_2
4TH
_a
004
100
_a
34
101
_a
SHK
245
_a
SIMPLE PROGRAM DESIGN
_c
ROBERTSON,L.A
942
_2
udc
_c
BK
999
_c
22884
_d
22884